000 00626nam a2200169 a 4500
001 000005174
005 20200929151611.0
008 860131s1985 ck c 000 0 spa
040 _aDO-SdBNP
_bspa
_cBNPHU
100 1 _aZabala Jaramillo, Luz Elena.
_914814
245 1 3 _aLa literatura cubana :
_bbrasa que quema al fuego /
_cLuz Elena Zabala Jaramillo, Manuel Cofino Lopez.
260 _aMedellin, Colombia :
_bEdiciones Graficas,
_c1985.
300 _a224 p. :
_bretrs. ;
_c21 cm.
490 1 _aAmerica Latina en su literatura
700 1 _aCofino Lopez, Manuel,
_d1936-
_914815
830 0 _aAmerica Latina en su literatura
_914816
999 _c4977
_d4977